Movilización neuromeníngea tratamiento de los trastornos mecanosensitivos del sistema nervioso (Registro nro. 181690)

Detalles MARC
000 -ENCABEZADO
Número de control [NR] 01050nam a22002417a 4500
005 - FECHA Y HORA DE LA ÚLTIMA TRANSACCIÓN
control field 20180313061554.0
008 - DE LONGITUD FIJA DE DATOS DE ELEMENTOS - INFORMACIÓN GENERAL
Elementos de longitud fija [NR] 131008s2013 sp ad frn 001 0dspa
020 ## - NUMERO INTERNACIONAL NORMALIZADO PARA LIBROS [R]
Número Internacional Normalizado del libro [NR] 9788479039707
040 ## - FUENTE DE CATALOGACION [NR]
Agencia de catalogación original [NR] CO-BoUCM
Idioma de catalogación [NR] spa
Quien Cataloga
Quien Clasifica Aldemar Mondragón
041 00 - CODIGO DE IDIOMA [R]
Código de idioma para texto/pista de sonido o título separado [R] Español
060 ## - SIGNATURA TOPOGRAFICA DE LA BIBLIOTECA NACIONAL DE MEDICINA (NLM) [R]
Número clasificador [R] WL 140
100 1# - ASIENTO PRINCIPAL--NOMBRE PERSONAL [NR]
Nombre personal [NR] Zamorano Zárate, Eduardo
ID Autoridad 47709
245 00 - MENCION DE TITULO [NR]
Título [NR] Movilización neuromeníngea tratamiento de los trastornos mecanosensitivos del sistema nervioso
Mención de responsabilidad, etc. [NR] Eduardo Zamorano Zárate
260 ## - PUBLICACION, DISTRIBUCION, ETC. (PIE DE IMPRENTA) [R]
Lugar de publicación, distribución, etc. [R] Madrid (España)
Nombre del editor, distribuidor, etc. [R] Médica Panamericana
Fecha de publicación, distribución, etc. [R] 2013
300 ## - DESCRIPCION FISICA [R]
Extensión [R] xviii, 232 páginas
Otros detalles físicos [NR] ilustraciones y gráficas
504 ## - NOTA DE BIBLIOGRAFIA, ETC. [R]
Nota de bibliografía, etc. [NR] Incluye referencias bibliográficas e índices
650 #2 - ASIENTO SECUNDARIO DE MATERIA - TERMINO TEMATICO [R]
Término temático o nombre geográfico como elemento de entrada [NR] Enfermedades de los músculos
Subdivisión general [R] Tratamiento
9 (RLIN) 48042
650 #2 - ASIENTO SECUNDARIO DE MATERIA - TERMINO TEMATICO [R]
Término temático o nombre geográfico como elemento de entrada [NR] Enfermedades del sistema nervioso
Subdivisión general [R] Tratamiento
9 (RLIN) 41007
650 #2 - ASIENTO SECUNDARIO DE MATERIA - TERMINO TEMATICO [R]
Término temático o nombre geográfico como elemento de entrada [NR] Sistema nervioso
Subdivisión general [R] Enfermedades
9 (RLIN) 48041
690 ## - ASUNTO AGREGADO LOCAL DE ENTRADA - TÉRMINO TEMÁTICO (OCLC, RLIN)
9 (RLIN) 42886
Acceso temático local Neurología
856 40 - LOCALIZACION Y ACCESO ELECTRONICOS [R]
Identificador Uniforme del Recurso (“URI”) [R] <a href="www.medicapanamericana/fisioterapia/zamorano">www.medicapanamericana/fisioterapia/zamorano</a>
Nota dirigida al público [R] Este recurso requiere clave, solicitela en la USEB
942 ## - ELEMENTOS DE ENTRADA AGREGADOS (KOHA)
Tema principal Medicina
Tipo de ítem principal el descrito en 300a Libro
Edición 1
Parte restante de la signatura top. Z25m
Sistema de clasificación NLM
Clasificación WL 140
Título oculto en OPAC No
Existencias
Fecha de último préstamo Total préstamos Total Renewals Signatura topográfica Código de barras Última vez visto Ejemplar Costo de reposición Price effective from Tipo de ítem Perdido Sistema de clasificación Dañado No prestable Tipo de ítem específico Suprimido Ubicación habitual Ubicación actual Localización Fecha de creación Proveedor Forma de adquisición Costo
12/02/2025 9 12 WL 140 Z25m 200025428 11/12/2025 Ej.1 55500.00 04/10/2013 Libro   NLM     Libro   Quinta de Mutis Quinta de Mutis 2do piso 04/10/2013 34 Compra 55500.00